Công cụ hỗ trợ dạy học online : Kiểm tra đánh giá với quizmaker. Dạy học và hội thảo từ xa với zoom và google classroom

Hướng dẫn sử dụng quizmaker. Giới thiệu 22 bài tập soạn thảo trắc nghiệm tính điểm và trắc nghiệm không tính điểm rất cần thiết cho giáo viên và học sinh trong quá trình dạy và học. Hướng dẫn sử dụng zoom và google classrom dành cho giáo vie...

Ausführliche Beschreibung

Gespeichert in:
Bibliographische Detailangaben
1. Verfasser: Nguyễn Văn Thao
Weitere Verfasser: Phạm Quang Huy
Format: Buch
Sprache:Vietnamese
Veröffentlicht: H. Thanh niên 2021
Schriftenreihe:Tủ sách STK
Schlagworte:
Tags: Tag hinzufügen
Keine Tags, Fügen Sie den ersten Tag hinzu!
Thư viện lưu trữ: Thư viện Trường Đại học Nam Cần Thơ
LEADER 01304nam a22002177a 4500
001 NCT_144031
008 170927b xxu||||| |||| 00| 0 vie d
999 |c 7416  |d 7416 
020 |a 9786043345230  |c 154000 
082 0 4 |2 23rd ed.  |a 371.334  |b Th108 
100 1 |a Nguyễn Văn Thao 
245 1 0 |a Công cụ hỗ trợ dạy học online :  |b Kiểm tra đánh giá với quizmaker. Dạy học và hội thảo từ xa với zoom và google classroom  |c Nguyễn Văn Thao, Phạm Quang Huy 
260 |a H.  |b Thanh niên  |c 2021 
300 |a 367 tr.  |b Minh hoạ  |c 24cm 
490 0 |a Tủ sách STK 
520 3 |a Hướng dẫn sử dụng quizmaker. Giới thiệu 22 bài tập soạn thảo trắc nghiệm tính điểm và trắc nghiệm không tính điểm rất cần thiết cho giáo viên và học sinh trong quá trình dạy và học. Hướng dẫn sử dụng zoom và google classrom dành cho giáo viên. 
653 |a Công nghệ thông tin 
700 1 |a Phạm Quang Huy 
942 |2 ddc  |c BK 
952 |0 0  |1 0  |2 ddc  |4 0  |6 371_334000000000000_TH108  |7 0  |9 26646  |a 000001  |b 000001  |d 2023-01-17  |o 371.334 Th108  |p MD.21000  |r 2023-01-17  |v 154000.00  |w 2023-01-17  |y BK 
980 |a Thư viện Trường Đại học Nam Cần Thơ